000
00244nam a2200121Ia 4500
100
_a
CIMI-DGET
942
_c
BK
245
_a
Tool & Die Maker IIIRD YEAR Theory.
260
_b
CIMI
_a
Chennai
300
_a
92
546
_a
ENGLISH
999
_c
19682
_d
19682